<?xml version="1.0" encoding="UTF-8"?>
<record
    xmlns:xsi="http://www.w3.org/2001/XMLSchema-instance"
    xsi:schemaLocation="http://www.loc.gov/MARC21/slim http://www.loc.gov/standards/marcxml/schema/MARC21slim.xsd"
    xmlns="http://www.loc.gov/MARC21/slim">

  <leader>01179nam a22001817a 4500</leader>
  <controlfield tag="005">20150206020002.0</controlfield>
  <controlfield tag="008">131107b2006    ck ||||| |||| 00|  spa d</controlfield>
  <datafield tag="041" ind1=" " ind2=" ">
    <subfield code="a">spa</subfield>
  </datafield>
  <datafield tag="044" ind1=" " ind2=" ">
    <subfield code="a">ck</subfield>
  </datafield>
  <datafield tag="090" ind1=" " ind2=" ">
    <subfield code="a">IAVH</subfield>
    <subfield code="b">01434</subfield>
  </datafield>
  <datafield tag="100" ind1=" " ind2=" ">
    <subfield code="a">G&#xF3;mez Salazar- Catalina</subfield>
    <subfield code="9">2356</subfield>
  </datafield>
  <datafield tag="245" ind1=" " ind2=" ">
    <subfield code="a">Estimaci&#xF3;n de abundancia de los delfines del r&#xED;o inia geoffrensis y Sotalia fluviatilis en la Orinoqu&#xED;a: un programa de investigacion y capacitacion regional con especies amenazadas </subfield>
    <subfield code="b">Informe final octurbre</subfield>
  </datafield>
  <datafield tag="260" ind1=" " ind2=" ">
    <subfield code="a">Bogota</subfield>
    <subfield code="b">Instituto  de Investigaci&#xF3;n de Recursos Biol&#xF3;gicos Alexander von Humboldt</subfield>
    <subfield code="b">Fundaci&#xF3;n Omacha</subfield>
    <subfield code="c">2006</subfield>
  </datafield>
  <datafield tag="300" ind1=" " ind2=" ">
    <subfield code="a">32 p.</subfield>
    <subfield code="b">il</subfield>
    <subfield code="c">29 cm</subfield>
  </datafield>
  <datafield tag="520" ind1=" " ind2=" ">
    <subfield code="a">trabajo en la estimaci&#xF3;n de abundancia y densidad de los delfines del r&#xED;o Inia geoffrensis y sotalia fluviatilis. r&#xED;o Orioco (Venezuela),r&#xED;o Meta (Colombia) y en la zona de influencia de Puerto Carre&#xF1;o(Vichada). Capacitar investigadores en el uso de m&#xE9;todos de estimaci&#xF3;n de abundancia y crear una red de trabajo para replicar las metodolog&#xED;as aplicadas.Evaluar el potencial de ecoturismo alrededor de esta especie en la regi&#xF3;n.</subfield>
  </datafield>
  <datafield tag="650" ind1=" " ind2=" ">
    <subfield code="a">Delfines </subfield>
    <subfield code="z">Rio Orinoco y Meta (Colombia)</subfield>
    <subfield code="9">6370</subfield>
  </datafield>
  <datafield tag="942" ind1=" " ind2=" ">
    <subfield code="2">z</subfield>
    <subfield code="c">Impreso</subfield>
    <subfield code="0">1</subfield>
  </datafield>
  <datafield tag="999" ind1=" " ind2=" ">
    <subfield code="c">7738</subfield>
    <subfield code="d">7738</subfield>
  </datafield>
  <datafield tag="952" ind1=" " ind2=" ">
    <subfield code="0">0</subfield>
    <subfield code="1">0</subfield>
    <subfield code="2">z</subfield>
    <subfield code="4">0</subfield>
    <subfield code="7">0</subfield>
    <subfield code="8">HUMBOLDT</subfield>
    <subfield code="I">INV2017</subfield>
    <subfield code="a">Bogota</subfield>
    <subfield code="b">Bogota</subfield>
    <subfield code="d">2013-11-07</subfield>
    <subfield code="l">1</subfield>
    <subfield code="o">IAVH-01434</subfield>
    <subfield code="p">059211</subfield>
    <subfield code="r">2024-08-09 00:00:00</subfield>
    <subfield code="s">2015-02-05</subfield>
    <subfield code="t">Ej:1</subfield>
    <subfield code="w">2013-11-07</subfield>
    <subfield code="x">Dep&#xF3;sito Institucional</subfield>
    <subfield code="y">INFORME</subfield>
  </datafield>
</record>
